000 00827nab a2200241u 4500
001 18283
003 HDC
007 c| |||a|c|aaaa
008 210225b20140827my ||||| |||| 00| 0 may d
040 _aHDC
100 _aNoor Atiqah Sulaiman /
_eauthor
_98405
245 0 _aPeluang usahawan PKS jual produk /
_cNoor Atiqah Sulaiman
336 _atext
_2rdacontent
337 _acomputer
_2rdamedia
338 _aonline resource
_2rdacarrier
650 _aHalal Trade and Consumer Expo (HALFEST)
_917217
650 _asmall and medium enterprises (SME)
_97657
710 _aBERITA HARIAN
856 _zRequest full-text at [email protected]
942 _2lcc
942 _cNEWS
942 _kNWSC 005062
999 _c15599
_d15599